We hold these truths. (Record no. 13710)

000 -LEADER
fixed length control field 00738nam a2200205 a 4500
001 - CONTROL NUMBER
control field :::00011533$&:&@@
003 - CONTROL NUMBER IDENTIFIER
control field OkBaRHE
005 - DATE AND TIME OF LATEST TRANSACTION
control field 20000607103409.0
008 - FIXED-LENGTH DATA ELEMENTS--GENERAL INFORMATION
fixed length control field s1978 j 000 0 eng u
020 ## - INTERNATIONAL STANDARD BOOK NUMBER
International Standard Book Number 0882436317
040 ## - CATALOGING SOURCE
Transcribing agency
100 1# - MAIN ENTRY--PERSONAL NAME
Personal name Bicket, Zenas J.
245 10 - TITLE STATEMENT
Title We hold these truths.
260 ## - PUBLICATION, DISTRIBUTION, ETC. (IMPRINT)
Place of publication, distribution, etc Springfield, MO., :
Name of publisher, distributor, etc Gospel Publishing House
Date of publication, distribution, etc 1978
300 ## - PHYSICAL DESCRIPTION
Extent 128 p. : illus. ;
Dimensions 19 cm.
650 ## - SUBJECT ADDED ENTRY--TOPICAL TERM
Topical term or geographic name as entry element Assemblies of God, General Council
General subdivision Doctrinal and Controversial Works
942 ## - ADDED ENTRY ELEMENTS (KOHA)
Source of classification or shelving scheme
Koha item type Books
Copies
Price effective from Source of classification or shelving scheme Full call number Permanent Location Copy number Koha item type Shelving location Damaged status Withdrawn status Barcode Lost status Date last seen Current Location Date acquired Not for loan
2010-04-14 BX 8765.5 .Z5 B53RHEMA Bible Training College1BooksGeneral Stacks  11533 2010-04-14RHEMA Bible Training College2010-04-14 
2010-04-14 BX 8765.5 .Z5 B53RHEMA Bible Training College2BooksGeneral Stacks  15372 2010-04-14RHEMA Bible Training College2010-04-14